| 000 | 01726namaa22003371i 4500 | ||
|---|---|---|---|
| 005 | 20260301105025.0 | ||
| 008 | 260215s1994 ua a|||frm||| 000 0 eng d | ||
| 040 |
_aEG-GICUC _beng _cEG-GICUC _dEG-GICUC _erda |
||
| 041 | 0 |
_aeng _beng _bara |
|
| 049 | _aDeposit | ||
| 097 | _aM.Sc | ||
| 099 | _aCai01.12.07.M.Sc.1994.Ho.S | ||
| 100 | 0 |
_aHoda Abdel Raouf Hussein Aly, _epreparation. |
|
| 245 | 1 | 0 |
_aSynthesis and reactions of azolothienopyrimidines and pyrimidothienotriazines photooxidation of some thieno deriv a tives / _cBy Hoda Abdel Raouf Hussein Aly ; Supervised Prof. Dr. Abdel-Samei M . Abdel- Fattah, Prof. Dr. Ahmed Saleh Ali, Prof. Dr. Fayza Abdel- Motti, Dr. F. M. E. Abdel- Megied. |
| 246 | 1 | 5 | _aتخليق وتفاعلات مركبات ازولوثيينوبير يميدينات وبرميد وثيينوتريازينات والاكسدة الضوئية لبعض مشتقات الثيينو |
| 264 | 0 | _c1994 | |
| 300 |
_a83 Leaves : _billustrations ; _c30 cm. + |
||
| 336 |
_2rda content _atext |
||
| 337 |
_2rdamedia _aUnmediated |
||
| 338 |
_2rdacarrier _avolume |
||
| 502 | _a Thesis (M.Sc.)-Cairo University,1994 | ||
| 504 | _aBibliography: pages 77 - 83. | ||
| 653 | 0 |
_aazolothienopyrimidines _apyrimidothienotriazines _aphotooxidation |
|
| 700 | 0 |
_aAbdel-Samei M . Abdel- Fattah _ethesis advisor. |
|
| 700 | 0 |
_aAhmed Saleh Ali _ethesis advisor. |
|
| 700 | 0 |
_aFayza Abdel- Motti _ethesis advisor. |
|
| 700 | 0 |
_aF. M. E. Abdel- Megied _ethesis advisor. |
|
| 900 |
_DDepartment of Chemistry _FFaculty of Science _UCairo University _b1994 _cAbdel-Samei M . Abdel- Fattah _cAhmed Saleh Ali _cFayza Abdel- Motti _cF. M. E. Abdel- Megied |
||
| 905 |
_aNagat _eNourhan |
||
| 942 |
_2ddc _cTH _e21 _n0 |
||
| 999 | _c178468 | ||